Views of the bridges of London (Record no. 114897)

MARC details
000 -LEADER
fixed length control field 00555ckm a22001815a 4500
001 - CONTROL NUMBER
control field L157650
008 - FIXED-LENGTH DATA ELEMENTS--GENERAL INFORMATION
fixed length control field 130220q1837 xxk f 000 0 eng d
035 ## - SYSTEM CONTROL NUMBER
System control number (Sirsi) u157650
041 0# - LANGUAGE CODE
Language code of text/sound track or separate title eng
245 00 - TITLE STATEMENT
Title Views of the bridges of London
Remainder of title vol. I. London Bridge, drawings & prints
260 ## - PUBLICATION, DISTRIBUTION, ETC.
Date of publication, distribution, etc. [1837?]
300 ## - PHYSICAL DESCRIPTION
Extent 1 v.
Other physical details col. ill.
Dimensions 64 cm.
520 ## - SUMMARY, ETC.
Summary, etc. A portfolio of prints and original drawings of London Bridge.
583 ## - ACTION NOTE
Action Condition reviewed
Time/date of action 20120620
Status condition level 3
651 #4 - SUBJECT ADDED ENTRY--GEOGRAPHIC NAME
Geographic name London
690 ## - LOCAL SUBJECT ADDED ENTRY--TOPICAL TERM (OCLC, RLIN)
Topical term or geographic name as entry element Infrastructure
9 (RLIN) 6246
942 ## - ADDED ENTRY ELEMENTS (KOHA)
Suppress in OPAC 0
Holdings
Withdrawn status Lost status Source of classification or shelving scheme Damaged status Not for loan Home library Current library Shelving location Date acquired Total Checkouts Full call number Barcode Date last seen Copy number Price effective from Koha item type
    Dewey Decimal Classification     Historic collection Historic collection Historic collection 20/02/2013   FOLIO 1837 VIEWS 30078126 06/08/2019 1 06/08/2019 Book